| Tag |
First Indicator |
Second Indicator |
Subfields |
| LEADER |
00000cam a2200000 4500 |
| 001 |
in00000450968 |
| 005 |
20151012085233.0 |
| 008 |
750917s1950 nyu b 00010 eng |
| 010 |
|
|
|a 50008992
|
| 035 |
|
|
|a (OCoLC)01630919
|
| 035 |
|
|
|9 ABY2705AM
|
| 040 |
|
|
|a DLC
|c FUG
|d TXA
|d UtOrBLW
|
| 049 |
|
|
|a TXAM
|c 1 [198241]
|c 2 [412506]
|
| 050 |
0 |
0 |
|a JF1351
|b .S5 1950
|
| 082 |
0 |
|
|a 350
|
| 092 |
|
|
|a 350
|b S594p
|
| 100 |
1 |
|
|a Simon, Herbert A.
|q (Herbert Alexander),
|d 1916-2001.
|
| 245 |
1 |
0 |
|a Public administration /
|c [by] Herbert A. Simon, Donald W. Smithburg [and] Victor A. Thompson.
|
| 250 |
|
|
|a [1st ed.].
|
| 264 |
|
1 |
|a New York :
|b Knopf,
|c 1950.
|
| 300 |
|
|
|a xv, 582, xviii pages ;
|c 22cm.
|
| 336 |
|
|
|a text
|b txt
|2 rdacontent
|
| 337 |
|
|
|a unmediated
|b n
|2 rdamedia
|
| 338 |
|
|
|a volume
|b nc
|2 rdacarrier
|
| 504 |
|
|
|a "Bibliographical notes": pages 563-582.
|
| 650 |
|
0 |
|a Public administration.
|
| 999 |
|
|
|a MARS
|
| 999 |
f |
f |
|s 7ce20168-a3f4-3024-a263-fd1fd55d51ed
|i 88e77fd8-bcde-35f2-9f33-e24843ab6cad
|t 0
|
| 952 |
f |
f |
|p ric
|a Texas A&M University
|b Rellis Campus
|c Joint Library Facility
|d Remote Storage
|t 0
|e JF1351 .S5 1950
|h Library of Congress classification
|i unmediated -- volume
|m A14800793406
|
| 998 |
f |
f |
|a JF1351 .S5 1950
|t 0
|l Remote Storage
|